Statistiken für Alle Weinanbaugebiete Deutschlands

Klicken Sie hier um das Quiz zu spielen!

Allgemein

  • Dieses Quiz wurde 211 mal gespielt
    (206 seit der letzten Aktualisierung)
  • Das Durchschnittsergebnis liegt bei 7 aus 13

Antwortstatistiken

Größe in
Hektar
Region% Korrekt
8.800Mosel
93%
15.800Baden
76%
23.000Pfalz
73%
6.100Franken
63%
26.500Rheinhessen
62%
540Ahr
58%
11.400Württemberg
58%
750Saale-Unstrut
57%
3.100Rheingau
50%
4.200Nahe
42%
490Sachsen
38%
460Mittelrhein
35%
450Hessische Bergstraße
25%

Verteilung der Resultate

Perzentil nach korrekt beantworteten Fragen

Anzahl Personen mit jedem Resultat

Ihre Resultats-Entwicklung

Sie haben dieses Quiz seit der letzten Aktualisierung nicht gespielt